Disney Movie Images - Sudden Death - Statistics

General Stats
  • This quiz has been taken 19,866 times
  • The average score is 11 of 16
Answers on the Grid
Answers color-coded by a green-red scale on the quiz's grid according to % correct below.
 
Answer Stats
Answer % Correct
Beauty and the Beast
78%
Pocahontas
77%
Cinderella
77%
Aladdin
77%
Bambi
76%
Pinocchio
75%
Lady and the Tramp
75%
Dumbo
74%
One Hundred and One Dalmatians
73%
The Princess and the Frog
72%
The Jungle Book
71%
The Lion King
71%
Alice in Wonderland
70%
Peter Pan
69%
Snow White and the Seven Dwarfs
68%
The Rescuers
43%
No matching quizzes found
Score Distribution
Percent of People with Each Score
Percentile by Number Answered
Your Score History
You have not taken this quiz